| 000 | 00602nam a2200205 a 4500 | ||
|---|---|---|---|
| 001 | 000021168 | ||
| 005 | 20200930011243.0 | ||
| 008 | 100901s1990 cu r 000 f spa d | ||
| 040 |
_aDO-SdBNP _bspa _cBNPHU |
||
| 082 |
_aCu863.44 _bR741a |
||
| 100 | 1 |
_aRojas, Agustín de, _d1949- _944245 |
|
| 245 | 1 | 0 |
_aEl año 200 / _cAgustín de rojas. |
| 260 |
_aLa Habana, Cuba : _bEditorial Letras Cubanas, _c1990. |
||
| 300 |
_a549, [3] p. ; _c20 cm. |
||
| 490 | 1 |
_aRadar _v82 |
|
| 650 | 4 |
_aNovela cubana _92316 |
|
| 650 | 4 |
_aLiteratura cubana _ySIGLO XX _99186 |
|
| 830 | 0 |
_aRadar ; _v82 _944246 |
|
| 049 | _aBNGR | ||
| 999 |
_c20669 _d20669 |
||